00367 2200157 4500245003900000020002200039250001100061100001700072650001600089005001900105260003100124041001400155084000800169300002300177336000900200 aPerfect PurplecIndah HanacohText a978-602-7870-64-2 aCet. 1 aIndah hanaco aNovel Fiksi a20230110071822 aBandungbPastel Bookc2016 aIndonesia a813 a196 hlm. :cillus. atext